000 00602nam a2200205Ia 4500
003 GCL
008 140319s9999 xx 000 0 ara d
040 _aGCL /
_cGCL
082 0 4 _a190
_bع ن
100 1 _aعادل ضاهر
245 1 0 _aنقد الفلسفة الغربية الاخلاق والعقل /
_cعادل ضاهر
250 _aالاولى
260 _aالاردن :
_bدار الشروق ،
_c1990
300 _a515 ص ؛
_c24 سم
490 _a
650 0 4 _aالفلسفة
650 0 4 _aالفلسفة العربية
650 0 4 _aالاخلاق - علم
942 _2ddc
_cBK
999 _c44490
_d44490